Регионална библиотека "Любен Каравелов" - Русе

[Триста тридесет и три] 333 задачи по математика за III клас на СОУ (Запис номер 8313)

MARC детайли
000 -Лидер
Контролно поле с фиксирана дължина 01318nam a2200337 c 4500
003 - Код на организацията, давaща контролен номер
Контролно поле BLK
005 - Дата и час на последна редакция
Контролно поле 20191202100123.0
008 - Елементи от данни с фиксирана дължина
fixed length control field 180412b bul|||||r ||||||| ||bul||
010 ## - Наследен системен номер
LC control number KNG00009655000
020 ## - Международен стандартен номер на книга ISBN
Международен стандартен номер на книга ISBN 954-498-026-1
-- издат.: ALMA-SV
040 ## - Източник на каталожния запис
Идентификатор на билиотеката - собственик на записа BLK
041 ## - Код за език
Код за езика на текст/звукозапис или на отделно заглавие Български
Код за езика КДБФ Български
080 ## - УДК
Текстов определител УДК Основи на математиката в основното образование
УДК код - определител по УДК 372.47
УДК определител (07)
УДК - код + определител 372.47(07)
100 1# - Редна дума - Автор
Автор Георгиева, Йорданка Иванова
Авторска отговорност първи автор
R(LIN) 253405
139 ## - Редно поле
Редна дума Георгиева, Йорданка Иванова
Авторски знак Георгиев - Г 37
245 10 - Сведения за заглавието
Заглавие [Триста тридесет и три] 333 задачи по математика за III клас на СОУ
Редно поле (дума) Йорданка Иванова Георгиева.
257 ## - Страна на издаване
Страна на създаване/издаване България
260 ## - Област на издателските данни
-- Варна
Име на издателя, разпространителя и проч. ALMA-SV
Година на издаване 1995
Печатница Ямбол : Светлина
300 ## - Физическа характеристика
Страници 128 с.
Илюстрации и др. с табл., черт.
Размери/Мащаб 20 см
380 ## - Жанр
Жанр Обществени науки
500 ## - Общи забележки
Забележка 5 000 тир.
650 #4 - Допълнително описание по предмет – тема
Основно описание – тема или топоним Математика - задачи - учебни помагала
9 (RLIN) 241584
653 ## - Ключова дума – ненормативна
Ключова дума задачи
653 ## - Ключова дума – ненормативна
Ключова дума математика
653 ## - Ключова дума – ненормативна
Ключова дума клас
852 ## - Местоположение
Форматна сигнатура Цб 184724
856 4# - Електронен адрес и достъп
Електронен формат pdf - файл
Път до файла /url/
856 4# - Електронен адрес и достъп
Електронен формат pdf - файл
Път до файла /url/
942 ## - АРТИКУЛИ
Вид на библиотечния материал Книги
Скрит в OPAC Не
Koha issues (borrowed), all copies 2
944 ## - СЪЗДАВАНЕ И РЕДАКЦИЯ на ЗАПИСА
Създаване/Редакция Създаване
Дата на регистрацията/редакция 15.01.2003
Статус, дата на статуса ф /
Служител, извършил регистрацията/редакцията Симона_Петрова
944 ## - СЪЗДАВАНЕ И РЕДАКЦИЯ на ЗАПИСА
Създаване/Редакция Редакция
Дата на регистрацията/редакция 07.08.2014
Статус, дата на статуса ф /
Служител, извършил регистрацията/редакцията
999 ## - СИСТЕМНИ КОНТРОЛНИ НОМЕРА
Koha biblionumber 8313
Koha biblioitemnumber 8313
Наличности
Код за отписване Код за изгубен артикул Източник на класификационната схема Код за повреда Коз за рестрикции Код за отдаване Артикулен № Име на библиотеката - собственик Име на библиотеката, в която се намира в момента Статус (Текущо местоположение) Дата на вписване в системата Местоположение - отдел Цена в лева Инвентарен номер Систематично азбучна сигнатура Баркод Номер на екземпляра Цена в евро Служебна бележка Служебен тип на артикула
  Не е изгубен Universal Decimal Classification Не е повреден без рестрикции ползва се в читалня 14386 Регионална библиотека "Любен Каравелов" Русе Регионална библиотека "Любен Каравелов" Русе Хранилище 1995-01-01 Хранилище 0.61 618312 Цб 184724 120000618312 1 0.31 Дост: Dp Вид: Д N: стар фонд Дата: 01.01.1995 Дата инв: 20.08.2014 Бележки инв: Цб2014 Книги
Изтеглен Не е изгубен Universal Decimal Classification Не е повреден без рестрикции заемане за дома 14387 Регионална библиотека "Любен Каравелов" Русе Регионална библиотека "Любен Каравелов" Русе Детски отдел 1995-01-01 Детски отдел 0.61 615314 ДН 372.47/Г 37 615314 2 0.31 Дост: Pk Вид: Ф N: стар фонд Дата: 01.01.1995 Дата инв: 21.08.2015 Бележки инв: Д2015 Книги
Vip Innovations Ltd, Rousse, Bulgaria 2025